Discurso a las juventudes de España / (Record no. 90353)

MARC details
000 -LEADER
campo de control de longitud fija 00821nam a2200205 i 4500
001 - NÚMERO DE CONTROL
campo de control 90353
003 - IDENTIFICADOR DE NÚMERO DE CONTROL
campo de control ES-MaACL
005 - FECHA Y HORA DE LA ÚLTIMA TRANSACCIÓN
campo de control 20250819055802.0
008 - DATOS DE LONGITUD FIJA--INFORMACIÓN GENERAL
campo de control de longitud fija 050120s1939 sp |||| | spa d
100 1# - ENTRADA PRINCIPAL--NOMBRE DE PERSONA
Nombre de persona Ledesma Ramos, Ramiro,
Fechas asociadas al nombre 1905-1936
9 (RLIN) 71157
245 10 - MENCIÓN DEL TÍTULO
Título Discurso a las juventudes de España /
Mención de responsabilidad, etc. Ramiro Ledesma Ramos ; [con dos amplias digresiones acerca del signo revolucionario de la juventud y del perfil actual de Europa ; y un prólogo de Santiago Montero Díaz].
250 ## - MENCION DE EDICION
Mención de edición 3ª ed.
260 ## - PUBLICACIÓN, DISTRIBUCIÓN, ETC.
Lugar de publicación, distribución, etc. [Barcelona :
Nombre del editor, distribuidor, etc. s.n.],
Fecha de publicación, distribución, etc. 1939 (
Fabricante Talls. Grafs. de la S.G. de P.)
300 ## - DESCRIPCIÓN FÍSICA
Extensión 299 p. ;
Dimensiones 22 cm.
650 #7 - PUNTO DE ACCESO ADICIONAL DE MATERIA--TÉRMINO DE MATERIA
Término de materia o nombre geográfico como elemento de entrada Fascismo
Fuente del encabezamiento o término embne
9 (RLIN) 144658
651 #4 - PUNTO DE ACCESO ADICIONAL DE MATERIA--NOMBRE GEOGRÁFICO
Nombre geográfico Europa-
Subdivisión general Historia-
Subdivisión cronológica S.XX.
9 (RLIN) 8614
700 1# - ENTRADA AGREGADA--NOMBRE PERSONAL
Nombre de persona Montero Díaz, Santiago,
Fechas asociadas al nombre 1911-1985
9 (RLIN) 82517
852 ## - LOCALIZACIÓN
Ubicación ES-MaACL
Número de control de estantería A-4634
Holdings
Estatus retirado Estado de pérdida Estado de daño No para préstamo Biblioteca de origen Biblioteca actual Ubicación en estantería Fecha de adquisición Fuente de adquisición Total de préstamos Signatura topográfica completa Código de barras Visto por última vez Precio de reemplazo Tipo de ítem Koha
        Biblioteca del Ateneo de Madrid Biblioteca del Ateneo de Madrid Sala Pecera Planta 1 17/01/2008     A-4634 1094351 23/02/2023 23/02/2023 Libro impreso